Web journalism : practice and promise of a new medium / (Record no. 1873)

000 -LEADER
fixed length control field 00839cam a2200253 a 4500
001 - CONTROL NUMBER
control field 13129952
003 - CONTROL NUMBER IDENTIFIER
control field OSt
005 - DATE AND TIME OF LATEST TRANSACTION
control field 20150617164218.0
008 - FIXED-LENGTH DATA ELEMENTS--GENERAL INFORMATION
fixed length control field 030320s2004 maua b 001 0 eng
010 ## - LIBRARY OF CONGRESS CONTROL NUMBER
LC control number 2003048084
020 ## - INTERNATIONAL STANDARD BOOK NUMBER
International Standard Book Number 0205353983
040 ## - CATALOGING SOURCE
Original cataloging agency DLC
Transcribing agency DLC
Modifying agency DLC
050 00 - LIBRARY OF CONGRESS CALL NUMBER
Classification number PN4833.S76 2004
082 00 - DEWEY DECIMAL CLASSIFICATION NUMBER
Classification number 070.4
Edition number 21
100 1# - MAIN ENTRY--PERSONAL NAME
Personal name Stovall, James Glen.
245 10 - TITLE STATEMENT
Title Web journalism : practice and promise of a new medium /
Statement of responsibility, etc James Glen Stovell.
260 ## - PUBLICATION, DISTRIBUTION, ETC. (IMPRINT)
Place of publication, distribution, etc Boston :
Name of publisher, distributor, etc Allyn and Bacon,
Date of publication, distribution, etc c2004.
300 ## - PHYSICAL DESCRIPTION
Extent xv, 239 p. :
Other physical details ill. ;
Dimensions 23 cm.
504 ## - BIBLIOGRAPHY, ETC. NOTE
Bibliography, etc Includes bibliographical references and index.
650 #0 - SUBJECT ADDED ENTRY--TOPICAL TERM
Topical term or geographic name as entry element Online journalism.
906 ## - LOCAL DATA ELEMENT F, LDF (RLIN)
a 7
b cbc
c orignew
d 1
e ocip
f 20
g y-gencatlg
942 ## - ADDED ENTRY ELEMENTS (KOHA)
Source of classification or shelving scheme
Koha item type Book
Holdings
Withdrawn status Lost status Source of classification or shelving scheme Damaged status Not for loan Home library Current library Shelving location Date acquired Total Checkouts Full call number Barcode Date last seen Date checked out Copy number Price effective from Koha item type Total Renewals
          Riara University Library Riara University Library General stack 17/06/2015 3 PN4833.S76 2004 6265/15 02/03/2020 17/02/2020 C.1 17/06/2015 Book  
          Riara University Library Riara University Library General stack 17/06/2015 2 P 96 .I5T48 2006 6263/15 05/06/2018 11/04/2018 C.2 17/06/2015 Book  
          Riara University Library Riara University Library General stack 17/06/2015 3 P 96 .I5T48 2006 6264/15 25/10/2018 03/10/2018 C.3 17/06/2015 Book 1

Riara University Library,
P.O. Box 49940-00100,
Nairobi, Kenya.